Logo BPK

Biblioteka

Politechniki Koszalińskiej

Odnokristallnyj scintilljacionnyj spektrometr / (Rekord nr 9176)

Szczegóły MARC
000 -ETYKIETA REKORDU
podpole kontrolne o stałej długości 00411nam a2200157 i 4500
001 - NUMER KONTROLNY REKORDU
pole kontrolne bg
040 ## - ŹRÓDŁO KATALOGOWANIA
Instytucja, która utworzyła rekord BPK
041 ## - KOD JĘZYKA
Kod języka tekstu pol
008 - POLE O STAŁEJ DŁUGOŚCI - DANE KONTROLNE
podpole kontrolne o stałej długości s pl f |000 0 pol
100 1# - NAZWA OSOBOWA
Nazwa osobowa KUCHTEWIC, W. J.
245 #0 - TYTUŁ/ODPOWIEDZIALNOŚĆ
Tytuł Odnokristallnyj scintilljacionnyj spektrometr /
Pozostałe elementy strefy tytułu i oznaczenia odpowiedzialności W.J. Kuchtewic, L.A. Trykow, O.A. Trykow.
260 ## - STREFA ADRESU WYDAWNICZEGO
Miejsce wydania Moskwa,
Data publikacji, dystrybucji/powstania dokumentu 1971.
700 1# - HASŁO DODATKOWE - NAZWA OSOBOWA
Nazwa osobowa TRYKOW, L. A.
700 1# - HASŁO DODATKOWE - NAZWA OSOBOWA
Nazwa osobowa TRYKOW, O. A.
856 ## - LOKALIZACJA I DOSTĘP DO ELEKTRONICZNYCH DOKUMENTÓW ZDALNYCH
Link (URL) http://koha.tu.koszalin.pl/cgi-bin/koha/opac-detail.pl?biblionumber=9176
Tekst linku Katalog online BPK
942 ## - DODATKOWE ELEMENTY (KOHA)
Typ dokumentu Książka
Egzemplarze
Wycofany Status egzemplarza Uszkodzony Dostępność Lokalizacja stała Lokalizacja bieżąca Miejsce przechowywania Sygnatura Kod kreskowy Typ dokumentu
      Dostępny Biblioteka Politechniki Koszalińskiej Biblioteka Politechniki Koszalińskiej Wypożyczalnia BG 13357 01746020 Książka
© 2023 Biblioteka Politechniki Koszalińskiej :: KOHA